Trade unions in Greece: an analysis of factors determining their growth and present structure (Record no. 476943)

000 -LEADER
fixed length control field 00462cam a22001337a 4500
008 - FIXED-LENGTH DATA ELEMENTS--GENERAL INFORMATION
fixed length control field 180718b1984 xxu||||| |||| 00| 0 eng d
082 ## - DEWEY DECIMAL CLASSIFICATION NUMBER
Classification number R8x495 K156
100 ## - MAIN ENTRY--PERSONAL NAME
Personal name Katsanevas, Theodore K.
245 ## - TITLE STATEMENT
Title Trade unions in Greece: an analysis of factors determining their growth and present structure
Statement of responsibility, etc. by Theodore K. Katsanevas
260 ## - PUBLICATION, DISTRIBUTION, ETC.
Place of publication, distribution, etc. Athens
Name of publisher, distributor, etc. National Centre of Social Research
Date of publication, distribution, etc. 1984
300 ## - PHYSICAL DESCRIPTION
Extent 283p.
440 ## - SERIES STATEMENT/ADDED ENTRY--TITLE
Title Paper
650 ## - SUBJECT ADDED ENTRY--TOPICAL TERM
Topical term or geographic name entry element Labour Unions - Greece
Holdings
Withdrawn status Lost status Damaged status Not for loan Permanent Location Current Location Date acquired Full call number Barcode Date last seen Price effective from Koha item type
        Indian Institute of Public Administration Indian Institute of Public Administration 2018-08-04 R8x495 K156 GR11648 2018-08-04 2018-08-04 GR

Powered by Koha